000 06472cam a22005294i 4500
003 PE-LiUPU
005 20250731173555.0
008 150625s1994 ck a r 001 0 spa d
020 _a1560634766
035 _a(Sirsi) i9781560634768
035 _a(Sirsi) i9781560634768
040 _aPE-LiUPU
_bspa
_cPE-LiUPU
_erda
049 _aPRUA
082 0 4 _a270
_bG643h
_221
100 1 _aGonzález, Justo L,
_eautor.
245 1 0 _aHistoria del cristianismo. Obra completa :
_bdesde la era de los mártires hasta la Era Inconclusa /
_cJusto L. Gonzáles.
264 1 _aMiami, FL :
_bUnilit,
_c2009.
300 _a2 tomos en 1 :
_bilustraciones ;
_c24 cm.
336 _atext
_2rdacontent
337 _aunmediated
_2rdamedia
338 _avolume
_2rdacarrier
500 _aObra completa, 2 tomos en uno.
501 _aCon: Historia del Cristianismo Tomo I. Desde la Era del los Mártires hasta la Era de los sueños frustrados. Con: Historia del Cristianismo Tomo II. Desde la Era del los Reformadores hasta la Era Inconclusa.
504 _aIndice: Tomo I, páginas 559-570. Indice: Tomo II, páginas 561-573.
505 _aTomo I: La era de los mártires --Cristianismo e historia -- El cumplimiento del tiempo -- El judaísmo en Palestina -- El judaísmo de la dispersión -- El mundo grecorromano -- La iglesia de Jerusalén -- Unidad y diversidad -- La vida religiosa -- El ocaso de la iglesia judía -- La misión a los gentiles -- El alcance de la misión -- La obra de Pablo -- Los apóstoles: hechos y leyendas -- Los primeros conflictos con el estado -- La nueva secta judía -- La persecución bajo Nerón -- La persecución en el siglo segundo -- La correspondencia entre Plinio y Trajano -- Ignacio de Antioquía: el portador de Dios -- El martirio de Policarpo -- La persecución bajo Marco Aurelio -- Hacia el fin del siglo segundo -- La defensa de la fe -- Las acusaciones contra los cristianos -- Los principales apologistas -- Fe cristiana y cultura pagana -- Los argumentos de los apologistas -- El depósito de la fe -- Los maestros de la iglesia -- La persecución en el siglo tercero -- La vida cristiana -- La gran persecución y el triunfo final -- El impacto de Constantino -- La teología oficial: Eusebio de Cesarea -- La reacción monástica -- La controversia arriana y el concilio de Nicea -- La reacción pagana: Juliano el Apóstata -- Atanasio de Alejandría -- Los primeros años -- El primer exilio -- Las muchas vicisitudes -- El acuerdo teológico -- Continúan las vicisitudes -- Los grandes capadocios -- Ambrosio de Milán -- Juan Crisóstomo -- Jerónimo -- Agustín de Hipona -- Bajo el régimen de los bárbaros -- El monaquismo benedictino -- El papado -- La iglesia oriental -- Las iglesias disidentes -- Las conquistas árabes -- Bajo el régimen de los carolingios -- La iglesia de oriente después de las conquistas árabes -- Antes del alba, la noche oscura -- La reforma monástica -- La reforma papal -- El conflicto entre el pontificado y el imperio -- Las cruzadas -- La reconquista española -- Las órdenes mendicantes -- La actividad teológica -- Testimonios de piedra -- La cumbre del papado -- Las nuevas condiciones -- El papado bajo la sombra de Francia -- El gran Cisma de Occidente -- La reforma conciliar -- Juan Wyclif -- Juan Huss -- Los movimientos populares -- La alternativa mística -- La teología académica -- El renacimiento y el humanismo -- Italia en los siglos XIV y XV -- El despertar de las letras clásicas -- La nueva visión de la realidad -- Los papas del renacimiento -- La reforma humanista: Erasmo de Rotterdam -- Jerónimo Savonarada -- El fin del Imperio Bizantino.
505 _aTomo II: Isabel la Católica -- Martín Lutero: camino hacia la Reforma -- La teología de Martín Lutero -- Una década de incertidumbre -- Ulrico Zwinglio y la Reforma en Suiza -- El movimiento anabaptista -- Juan Calvinos -- La Reforma en la Gran Bretaña -- El curso posterior del luteranismo -- La Reforma en los países bajos -- El protestantismo en Francia -- La Reforma Católica -- El protestantismo español -- Una edad convulsa -- Isabel la Católica -- Un nuevo mundo -- La justificación de la empresa -- La emporesa antillana -- La serpiente emplumada --Castilla del oro -- Nueva Granada -- Los hijos del sol -- La Florida --El virreynato de La Plata -- Los portugueses en Africa -- Hacia donde nace el sol -- El Brasil -- La cruz y la espada -- Los dogmas y las dudas -- La guerra de los treinta años -- La iglesia del desierto --La revolución puritana -- La ortodoxia católica -- La ortodoxia luterana -- La ortodoxia reformada -- La opción nacionalista -- La opción espiritualilsta -- La opción pietista -- La opción geográfica -- Horizontes políticos: Los Estados Unidos -- Horizontes políticos: Eutropa -- Horizontes políticos: América Latina -- Horizontes intelectuales: La teología protestante -- Horizontes intelectuales: La teología católica -- Horizongtes geográficos: El siglo del colonialismo -- Horizongtes geográficos: Asia -- Horizontes geográficos: Oceanía -- Horizontes geográficos: Africa y el mundo musulmán -- Horizontes geográficos: América Latina -- Horizontes ecuménicos -- La nueva situación -- El cristianismo oriental -- El catolicismo romano -- El protestantismo europeo -- El protestantismo norteamericano -- Desde lo último de la tierra.
526 _aSEG42
526 _aSEG41
526 _aSEG40
526 _aSEG39
526 _aP94
526 _aP87
526 _aP86
526 _aP85
526 _aP77
526 _aP76
526 _aP35
650 0 _aHistoria de la iglesia
_9469
942 _2ddc
_cBOOK
_n0
949 _a270 G69 1
_wDEWEY
_c1
_i56618
_d2016-10-28
_e2016-10-28
_lCCODEBUL1
_mBUL
_n23
_p18.00
_r0
_sY
_tBOOK
_u2015-6-25
_xTEOLOGIA
_zUNKNOWN
_0COMPRA
_o.STAFF. Colección Teología
949 _a270 G69 1
_wDEWEY
_c2
_i57548
_lCCODEBUL1
_mBUL
_r0
_sY
_tBOOK
_u2015-6-25
_xTEOLOGIA
_zUNKNOWN
_0COMPRA
_o.STAFF. Colección Teología
949 _a270 G69 1
_wDEWEY
_c3
_i61974
_d2016-11-25
_e2016-11-21
_lCCODEBUL1
_mBUL
_n26
_p32.00
_r0
_sY
_tBOOK
_u2015-6-25
_xTEOLOGIA
_0COMPRA
_o.STAFF. Colección Teología
980 _81
_gALBERTO SANCHEZ Responsable de Automatización
_618226
_aJaime Vilcazán Jefe de Análisis Documental
999 _c61621
_d61621